Điện từ học I = Électromagnétisme

محفوظ في:
التفاصيل البيبلوغرافية
المؤلف الرئيسي: P.F.I.E.V.
التنسيق: كتاب
اللغة:Undetermined
منشور في: Hà Nội Giáo Dục 2000
الموضوعات:
الوسوم: إضافة وسم
لا توجد وسوم, كن أول من يضع وسما على هذه التسجيلة!
Thư viện lưu trữ: Trung tâm Học liệu Trường Đại học Cần Thơ
LEADER 00513nam a2200181Ia 4500
001 CTU_41705
008 210402s9999 xx 000 0 und d
082 |a 530.141 
082 |b P962/T 
100 |a P.F.I.E.V. 
245 0 |a Điện từ học I 
245 0 |b = Électromagnétisme 
245 0 |c P.F.I.E.V., Nguyễn Hữu Hồ 
260 |a Hà Nội 
260 |b Giáo Dục 
260 |c 2000 
650 |a electromagnetics,physics 
980 |a Trung tâm Học liệu Trường Đại học Cần Thơ